[Event "28.Schlosspark-Open"]
[Site "Wiesbaden-Biebrich"]
[Date "2016.08.28"]
[Round "6.24"]
[White "Fischer, Ulrich"]
[Black "Karsay, Pascal"]
[Result "1-0"]
[WhiteElo "1819"]
[BlackElo "2047"]
[PlyCount "63"]
[EventDate "2016.??.??"]
[WhiteTeam "Frankfurter TV"]
[BlackTeam "Vorw.Orient Mainz"]

1. d4 Nf6 2. c4 g6 3. f3 Bg7 4. e4 O-O 5. Nc3 Nc6 6. Nge2 e5 7. Be3 d6 8. d5
Ne7 9. Qd2 Nd7 10. g4 f5 11. gxf5 gxf5 12. O-O-O f4 13. Bf2 a5 14. Kb1 Bf6 15.
Nc1 Ng6 16. Nd3 b6 17. Bh3 Ba6 18. Nb5 Bh4 19. Bxh4 Nxh4 20. Be6+ Kh8 21. Qf2
Bxb5 22. cxb5 Nc5 23. Nxc5 dxc5 24. Rdg1 Ng6 25. h4 Qf6 26. h5 Ne7 27. Qh2 c6
28. bxc6 Nxc6 29. Rg6 Qe7 30. dxc6 hxg6 31. hxg6+ Kg7 32. Qh6+ 1-0

[Event "28.Schlosspark-Open"]
[Site "Wiesbaden-Biebrich"]
[Date "2016.08.28"]
[Round "6.25"]
[White "Weiland, Thomas"]
[Black "Trumpp, Lothar"]
[Result "1/2-1/2"]
[WhiteElo "1800"]
[BlackElo "2045"]
[PlyCount "49"]
[EventDate "2016.??.??"]
[WhiteTeam "SV Oberursel"]
[BlackTeam "VSG Offenbach"]

1. e4 Nc6 2. Nf3 e5 3. d4 exd4 4. Nxd4 Bc5 5. Be3 Qf6 6. c3 Nge7 7. Qd2 h6 8.
Nxc6 Qxc6 9. Bd3 d5 10. Bxc5 Qxc5 11. O-O dxe4 12. Bxe4 c6 13. Na3 O-O 14. Rfe1
Be6 15. Nc2 Rad8 16. Nd4 Bd5 17. Qe2 Bxe4 18. Qxe4 Nd5 19. Rad1 Nf6 20. Qb1 g6
21. h3 Rd5 22. Nb3 Qd6 23. Rxd5 Nxd5 24. Qd1 Qf6 25. Qd4 1/2-1/2

[Event "28.Schlosspark-Open"]
[Site "Wiesbaden-Biebrich"]
[Date "2016.08.28"]
[Round "6.26"]
[White "Seickel, Ralf"]
[Black "Rump, Andreas"]
[Result "1-0"]
[WhiteElo "2042"]
[BlackElo "1928"]
[PlyCount "91"]
[EventDate "2016.??.??"]
[WhiteTeam "vereinslos"]
[BlackTeam "SG Idstein"]

1. c4 Nf6 2. g3 c6 3. Nf3 d5 4. Bg2 Bf5 5. cxd5 cxd5 6. Qb3 Bxb1 7. Qxb7 Nbd7
8. Rxb1 e6 9. Qb3 Bd6 10. O-O O-O 11. d3 a5 12. Bd2 Qe7 13. Rfc1 Rfb8 14. Qd1
h6 15. Nd4 Qe8 16. Nc6 Rb5 17. a4 Rc5 18. Be3 Rxc1 19. Rxc1 Ra6 20. Nd4 Ng4 21.
Nb5 Nxe3 22. fxe3 Qb8 23. Qc2 Ra8 24. Qc6 Bxg3 25. Qxd7 Bxh2+ 26. Kh1 Qg3 27.
Rf1 Rf8 28. Rf3 Qe5 29. Nd4 Bg3 30. Nc6 Qh5+ 31. Kg1 Qh2+ 32. Kf1 h5 33. Nd8
Qh4 34. Nxf7 Qg4 35. Nd8 Rxf3+ 36. exf3 Qb4 37. Qxe6+ Kh7 38. Qf5+ g6 39. Qd7+
Kh6 40. Nf7+ Kg7 41. Ng5+ Kh6 42. Qh7+ Kxg5 43. f4+ Kf6 44. Qh8+ Ke7 45. Qe5+
Kd8 46. Qg5+ 1-0

[Event "28.Schlosspark-Open"]
[Site "Wiesbaden-Biebrich"]
[Date "2016.08.28"]
[Round "6.27"]
[White "Lanz, Udo"]
[Black "Werner, Dimo"]
[Result "1/2-1/2"]
[WhiteElo "1750"]
[BlackElo "2040"]
[PlyCount "28"]
[EventDate "2016.??.??"]
[WhiteTeam "VSG Offenbach"]
[BlackTeam "TSV Schott Mainz"]

1. c4 c6 2. b3 d5 3. Bb2 Nf6 4. Nf3 g6 5. g3 Bg7 6. Bg2 O-O 7. O-O Nbd7 8. cxd5
cxd5 9. Na3 Re8 10. Rc1 a6 11. d3 e5 12. Nc2 Bf8 13. Nd2 Bh6 14. f4 exf4
1/2-1/2

[Event "28.Schlosspark-Open"]
[Site "Wiesbaden-Biebrich"]
[Date "2016.08.28"]
[Round "6.28"]
[White "Schmitt, Carsten"]
[Black "Schmidt, Volker"]
[Result "0-1"]
[WhiteElo "2008"]
[BlackElo "1909"]
[PlyCount "72"]
[EventDate "2016.??.??"]
[WhiteTeam "SV Bergwinkel"]
[BlackTeam "TuS Dotzheim"]

1. c4 c5 2. g3 g6 3. Bg2 Bg7 4. Nc3 Nc6 5. a3 d6 6. Rb1 Rb8 7. b4 Bd7 8. b5 Na5
9. Qa4 b6 10. e4 Qc8 11. Nd5 e6 12. Ne3 Ne7 13. Bb2 e5 14. Ne2 O-O 15. Nc3 Bh3
16. Ncd5 Nxd5 17. Nxd5 Qg4 18. f3 Qd7 19. O-O Bxg2 20. Kxg2 Ra8 21. h3 Kh8 22.
d3 Nb7 23. f4 f5 24. Rbe1 Na5 25. Bc3 exf4 26. Bxa5 bxa5 27. gxf4 Qd8 28. Qd1
Qh4 29. Qd2 Bd4 30. e5 dxe5 31. fxe5 g5 32. Qe2 g4 33. hxg4 fxg4 34. Ne3 Qh3+
35. Kg1 Rxf1+ 36. Qxf1 Bxe3+ 0-1

[Event "28.Schlosspark-Open"]
[Site "Wiesbaden-Biebrich"]
[Date "2016.08.28"]
[Round "6.29"]
[White "Flach, Helene"]
[Black "Gentner, Markus"]
[Result "0-1"]
[WhiteElo "1712"]
[BlackElo "2005"]
[PlyCount "126"]
[EventDate "2016.??.??"]
[WhiteTeam "SK Langen"]
[BlackTeam "SC Murrhardt"]

1. e4 c6 2. d4 d5 3. Nc3 dxe4 4. Nxe4 Nf6 5. Nxf6+ gxf6 6. c3 Bf5 7. Nf3 Qc7 8.
g3 e6 9. Bg2 Bg4 10. O-O Nd7 11. Re1 O-O-O 12. Be3 Qa5 13. Qd2 Qh5 14. Nh4 Ne5
15. Qc2 Nf3+ 16. Nxf3 Bxf3 17. Bf4 Bxg2 18. Kxg2 Rg8 19. Qe2 Qg6 20. a4 h5 21.
h4 Rd5 22. Kh2 Rf5 23. Rg1 Be7 24. b4 Bd8 25. b5 c5 26. Qc4 Be7 27. Be3 Qg4 28.
Raf1 Bd6 29. f4 b6 30. a5 Kc7 31. a6 Kb8 32. Qd3 Rc8 33. Bf2 c4 34. Qe4 Rc7 35.
Rb1 Qg6 36. Rge1 Qg4 37. Rg1 Qg8 38. Rgf1 Qe8 39. Ra1 Rxb5 40. Qf3 Qc6 41. Qe2
Rc8 42. Be1 Rg8 43. Rf2 Qd5 44. Qd1 Qf5 45. Qf3 Rd5 46. Rb2 Qg4 47. Qe4 Rc8 48.
Qg2 Kc7 49. Qf1 Kd7 50. Ra4 Qd1 51. Raa2 b5 52. Rd2 Qg4 53. Rdb2 Rb8 54. Ra1
Rf5 55. Qg2 e5 56. fxe5 fxe5 57. dxe5 Bxe5 58. Kg1 Qf3 59. Qxf3 Rxf3 60. Kg2
Rd3 61. Rd2 Rxd2+ 62. Bxd2 b4 63. Rb1 b3 0-1

[Event "28.Schlosspark-Open"]
[Site "Wiesbaden-Biebrich"]
[Date "2016.08.28"]
[Round "6.30"]
[White "Modric, Vladimir"]
[Black "Grieb, Lukas"]
[Result "1/2-1/2"]
[WhiteElo "1986"]
[BlackElo "1813"]
[PlyCount "46"]
[EventDate "2016.??.??"]
[WhiteTeam "SC Nied"]
[BlackTeam "SK Gau-Algesheim"]

1. c4 e5 2. g3 Nc6 3. Bg2 Nf6 4. Nc3 Bc5 5. e3 d6 6. Nge2 Bg4 7. h3 Bh5 8. O-O
O-O 9. a3 a5 10. Rb1 Bg6 11. d3 Rb8 12. Na4 Qd7 13. Nec3 Qf5 14. e4 Qd7 15. Bg5
Ne8 16. Nxc5 dxc5 17. Nd5 f5 18. b4 cxb4 19. axb4 axb4 20. Nxb4 Nxb4 21. Rxb4
Nf6 22. Qb1 fxe4 23. dxe4 Qc6 1/2-1/2

[Event "28.Schlosspark-Open"]
[Site "Wiesbaden-Biebrich"]
[Date "2016.08.28"]
[Round "6.31"]
[White "Mang, Markus"]
[Black "Junker, Christian"]
[Result "0-1"]
[WhiteElo "1716"]
[BlackElo "1981"]
[PlyCount "72"]
[EventDate "2016.??.??"]
[WhiteTeam "SG Kaiserslautern"]
[BlackTeam "SV Neu-Isenburg"]

1. d4 f5 2. g3 Nf6 3. Bg2 e6 4. Nf3 d5 5. c4 c6 6. O-O Be7 7. Qc2 O-O 8. Ne5
Ne4 9. b3 Nd6 10. Bb2 Nf7 11. Nxf7 Rxf7 12. Nd2 Nd7 13. e3 Bd6 14. f3 Nf6 15.
e4 dxe4 16. fxe4 Ng4 17. Rf3 Qg5 18. e5 Bc7 19. Re1 Bd7 20. Qd3 h5 21. h3 Nh6
22. Rf4 Qe7 23. c5 g5 24. Rf2 b5 25. Bc1 Ba5 26. Ref1 Bxd2 27. Bxd2 Rg7 28. b4
Be8 29. d5 exd5 30. Bxd5+ Kh7 31. Bb3 Rd8 32. Qc3 Bg6 33. Kh2 f4 34. gxf4 gxf4
35. Qc1 Qh4 36. Be6 Qg3+ 0-1

[Event "28.Schlosspark-Open"]
[Site "Wiesbaden-Biebrich"]
[Date "2016.08.28"]
[Round "6.32"]
[White "MÃ¼nstermann, Matthias"]
[Black "Schultze, JÃ¶rg-Martin"]
[Result "0-1"]
[WhiteElo "1560"]
[BlackElo "1973"]
[PlyCount "70"]
[EventDate "2016.??.??"]
[WhiteTeam "SK Langen"]
[BlackTeam "SF Anderssen Wetzlar"]

1. e4 c6 2. Nf3 d5 3. Nc3 Bg4 4. h3 Bxf3 5. Qxf3 Nf6 6. d3 e6 7. a3 Bd6 8. g4
Qb6 9. g5 Nfd7 10. Qe2 d4 11. Nd1 Qc7 12. Bg2 Bf4 13. Rf1 Qa5+ 14. c3 dxc3 15.
bxc3 Bxc1 16. Rxc1 Qxa3 17. Rb1 Nb6 18. f4 N8d7 19. d4 O-O-O 20. Rf3 c5 21. Qc2
Qa5 22. Kf2 f6 23. Ne3 fxg5 24. fxg5 Rhf8 25. Qb3 cxd4 26. Nc4 Rxf3+ 27. Bxf3
Qxc3 28. Nxb6+ axb6 29. Qd1 Qe3+ 30. Kf1 Rf8 31. Rb3 Qxg5 32. Qc2+ Kb8 33. Qc4
Qc5 34. Qxe6 Ne5 35. Kg2 d3 0-1

[Event "28.Schlosspark-Open"]
[Site "Wiesbaden-Biebrich"]
[Date "2016.08.28"]
[Round "6.33"]
[White "Poghosyan, Tigran"]
[Black "Eg, Karlheinz"]
[Result "1-0"]
[WhiteElo "2088"]
[BlackElo "1817"]
[PlyCount "47"]
[EventDate "2016.??.??"]
[WhiteTeam "LÃ¼becker SV"]
[BlackTeam "SV RÃ¼sselsheim"]

1. e4 e5 2. Nf3 Nc6 3. Bb5 a6 4. Ba4 Nf6 5. O-O Be7 6. Re1 b5 7. Bb3 O-O 8. c3
d6 9. d3 Na5 10. Bc2 c5 11. Nbd2 h6 12. Nf1 Be6 13. Ne3 Re8 14. d4 cxd4 15.
cxd4 Rc8 16. b3 Ng4 17. Nd5 Bf8 18. Bb2 exd4 19. h3 Ne5 20. Nxd4 Nac6 21. Nf5
Qg5 22. f4 Qd8 23. fxe5 Nxe5 24. Rc1 1-0

[Event "28.Schlosspark-Open"]
[Site "Wiesbaden-Biebrich"]
[Date "2016.08.28"]
[Round "6.34"]
[White "Anhalt, Albert"]
[Black "Pioch, Thomas"]
[Result "0-1"]
[WhiteElo "1792"]
[BlackElo "2135"]
[PlyCount "90"]
[EventDate "2016.??.??"]
[WhiteTeam "SG Idstein"]
[BlackTeam "SF Mainz"]

1. e4 e6 2. d4 d5 3. Nc3 Bb4 4. exd5 exd5 5. a3 Be7 6. Bd3 Nf6 7. Bf4 c6 8. Nf3
O-O 9. O-O Bg4 10. h3 Bxf3 11. Qxf3 Nbd7 12. Ne2 Re8 13. c3 Bf8 14. g4 Ne4 15.
Ng3 Ng5 16. Qg2 g6 17. Bd2 Ne6 18. f4 Bg7 19. f5 Nc7 20. g5 c5 21. Qf3 cxd4 22.
fxg6 fxg6 23. Qf7+ Kh8 24. Nf5 gxf5 25. Qxf5 Re4 26. Rae1 Nc5 27. Bb1 Qe8 28.
Qf3 Qe6 29. c4 Rf8 30. Qh5 Qg6 31. Qxg6 hxg6 32. cxd5 Rxe1 33. Rxe1 Nxd5 34.
Bxg6 Ne3 35. b4 Ne6 36. h4 Nf4 37. Bb1 Be5 38. Kh1 Nfd5 39. Be4 Bg3 40. Rc1
Bxh4 41. Bxd5 Nxd5 42. Kg2 Rf2+ 43. Kh3 Rxd2 44. Kxh4 Nc3 45. Kh5 Kg7 0-1

[Event "28.Schlosspark-Open"]
[Site "Wiesbaden-Biebrich"]
[Date "2016.08.28"]
[Round "6.35"]
[White "Meding, Olaf"]
[Black "Flach, Erich"]
[Result "0-1"]
[WhiteElo "1790"]
[BlackElo "2073"]
[PlyCount "56"]
[EventDate "2016.??.??"]
[WhiteTeam "SF Mainz"]
[BlackTeam "SK Langen"]

1. d4 c5 2. e3 Nf6 3. Nf3 e6 4. Bd3 b6 5. O-O Bb7 6. Nbd2 Qc7 7. Re1 cxd4 8.
exd4 Be7 9. c3 O-O 10. Nf1 d6 11. Bg5 Nbd7 12. Ng3 Rfe8 13. Bc2 Bc6 14. Nd2 b5
15. Nh5 Rac8 16. Nxf6+ Nxf6 17. Rc1 b4 18. c4 Qb7 19. f3 Qb6 20. Be3 Qa5 21.
Bb3 Bd8 22. c5 dxc5 23. Rxc5 Qa6 24. Nc4 Be7 25. Ra5 Qb7 26. Ba4 Bxa4 27. Qxa4
Rxc4 28. Rxa7 Qc6 0-1

[Event "28.Schlosspark-Open"]
[Site "Wiesbaden-Biebrich"]
[Date "2016.08.28"]
[Round "6.36"]
[White "Reinecke, Katharina"]
[Black "Frey, Thomas"]
[Result "0-1"]
[WhiteElo "1788"]
[BlackElo "2052"]
[PlyCount "78"]
[EventDate "2016.??.??"]
[WhiteTeam "SK Langen"]
[BlackTeam "SV Reutlingen"]

1. d4 Nf6 2. c4 g6 3. g3 Bg7 4. Bg2 O-O 5. Nc3 d6 6. Nf3 Nbd7 7. O-O c5 8. d5
Rb8 9. e4 a6 10. a4 Ne5 11. Nxe5 dxe5 12. a5 Ne8 13. Be3 Nd6 14. b3 Qc7 15. Na4
Qxa5 16. Nxc5 Qc7 17. Nd3 f5 18. f3 Bd7 19. Qd2 Qc8 20. Rfc1 fxe4 21. fxe4 Rf7
22. c5 Nb5 23. Rc2 Qe8 24. Nb4 Nd4 25. Bxd4 exd4 26. Re1 e5 27. Nd3 Bb5 28. b4
h5 29. Bf1 Kh7 30. Qg2 Bh6 31. Nf2 Be3 32. Kh1 Bxf1 33. Qxf1 Qa4 34. Rb2 Qa3
35. Rc2 Rbf8 36. Ree2 Qxb4 37. Qg2 Bxf2 38. Rxf2 Rxf2 39. Rxf2 Qe1+ 0-1

[Event "28.Schlosspark-Open"]
[Site "Wiesbaden-Biebrich"]
[Date "2016.08.28"]
[Round "6.37"]
[White "Neuhoff, Ulrich"]
[Black "Berberich, Christoph"]
[Result "0-1"]
[WhiteElo "1776"]
[BlackElo "2026"]
[PlyCount "42"]
[EventDate "2016.??.??"]
[WhiteTeam "SG Rheinbreitbach"]
[BlackTeam "FSF 1887 ZÃ¤hringen"]

1. Nf3 Nf6 2. c4 c5 3. g3 g6 4. Bg2 Bg7 5. O-O O-O 6. Nc3 d5 7. cxd5 Nxd5 8.
Nxd5 Qxd5 9. Qc2 Nc6 10. a3 Qd6 11. d3 Bg4 12. Bf4 e5 13. Be3 b6 14. h3 Bf5 15.
Nh4 Be6 16. b4 Rac8 17. bxc5 Nd4 18. Bxd4 exd4 19. Qa4 Rxc5 20. Qxa7 Ra5 21.
Qb7 g5 0-1

[Event "28.Schlosspark-Open"]
[Site "Wiesbaden-Biebrich"]
[Date "2016.08.28"]
[Round "6.38"]
[White "Hegener, Thorsten"]
[Black "Marschner, Thomas"]
[Result "1/2-1/2"]
[WhiteElo "1752"]
[BlackElo "2021"]
[PlyCount "52"]
[EventDate "2016.??.??"]
[WhiteTeam "SC Eschborn"]
[BlackTeam "SVG Eppstein"]

1. d4 Nf6 2. g3 c5 3. Nf3 cxd4 4. Nxd4 e5 5. Nf3 Nc6 6. Bg2 Bc5 7. c4 O-O 8.
O-O d6 9. Nc3 Be6 10. Bg5 h6 11. Bxf6 Qxf6 12. Ne4 Qe7 13. Nxc5 dxc5 14. Qc2
Rfd8 15. Rfd1 Rxd1+ 16. Rxd1 Rd8 17. b3 Rd6 18. Rxd6 Qxd6 19. Qd2 Qd7 20. Qxd7
Bxd7 21. Nd2 b6 22. Bxc6 Bxc6 23. f3 f5 24. Kf2 Kf7 25. e4 g6 26. Ke3 Ke6
1/2-1/2

[Event "28.Schlosspark-Open"]
[Site "Wiesbaden-Biebrich"]
[Date "2016.08.28"]
[Round "6.39"]
[White "Tuchtfeld, JÃ¼rgen"]
[Black "RoÃŸ, Norbert"]
[Result "1/2-1/2"]
[WhiteElo "1957"]
[BlackElo "1789"]
[PlyCount "55"]
[EventDate "2016.??.??"]
[WhiteTeam "SK Ebringen"]
[BlackTeam "SV Oberursel"]

1. d4 d5 2. Bf4 Nf6 3. e3 c5 4. c3 Qb6 5. Qb3 c4 6. Qc2 Nc6 7. Nd2 Bg4 8. Ngf3
Bh5 9. g3 Bg6 10. Qd1 Qa5 11. b4 Qa3 12. Qc1 Qxc1+ 13. Rxc1 b5 14. a4 bxa4 15.
Ra1 Bc2 16. Be2 e6 17. Bd1 Bxd1 18. Kxd1 Nxb4 19. cxb4 c3 20. Rxa4 cxd2 21.
Nxd2 Be7 22. Kc2 O-O 23. Rha1 Nh5 24. Kb3 Nxf4 25. exf4 Rab8 26. Nf3 a5 27. Ne5
Rxb4+ 28. Rxb4 1/2-1/2

[Event "28.Schlosspark-Open"]
[Site "Wiesbaden-Biebrich"]
[Date "2016.08.28"]
[Round "6.40"]
[White "Kirchner, Markus"]
[Black "Goldt, Rainer"]
[Result "0-1"]
[WhiteElo "1711"]
[BlackElo "1956"]
[PlyCount "52"]
[EventDate "2016.??.??"]
[WhiteTeam "SF SchÃ¶neck"]
[BlackTeam "Kreuznacher SV"]

1. e4 c6 2. Nc3 d5 3. Nf3 dxe4 4. Nxe4 Nf6 5. Nxf6+ gxf6 6. d4 Bg4 7. Be2 e6 8.
Bf4 Bd6 9. Bxd6 Qxd6 10. Qd2 Nd7 11. O-O-O O-O-O 12. Kb1 Kb8 13. h3 Bxf3 14.
Bxf3 Nb6 15. Qd3 Nd5 16. c3 f5 17. Bxd5 Qxd5 18. c4 Qxg2 19. Qe3 Qe4+ 20. Qxe4
fxe4 21. Kc2 Rhg8 22. Rd2 f5 23. Kd1 Rd7 24. Ke2 Rgd8 25. Rhd1 f4 26. b3 Kc7
0-1

[Event "28.Schlosspark-Open"]
[Site "Wiesbaden-Biebrich"]
[Date "2016.08.28"]
[Round "6.41"]
[White "FrÃ¶mbgen, Andreas"]
[Black "Paeslack, Luis"]
[Result "1/2-1/2"]
[WhiteElo "1953"]
[BlackElo "1784"]
[PlyCount "95"]
[EventDate "2016.??.??"]
[WhiteTeam "SK Gau-Algesheim"]
[BlackTeam "SK Mainaschaff"]

1. c4 c5 2. g3 g6 3. Bg2 Nc6 4. e3 Bg7 5. Ne2 e6 6. Nbc3 Nge7 7. O-O O-O 8. e4
b6 9. d3 Bb7 10. a3 Nd4 11. Rb1 d5 12. exd5 Nxe2+ 13. Nxe2 exd5 14. b4 cxb4 15.
axb4 Rc8 16. Qa4 a6 17. Qb3 dxc4 18. dxc4 Bxg2 19. Kxg2 Qc7 20. Be3 Qxc4 21.
Qxc4 Rxc4 22. Bxb6 Nd5 23. Bc5 Rb8 24. Rfc1 Rxc1 25. Nxc1 a5 26. b5 Nc3 27. Rb3
Rxb5 28. Rxb5 Nxb5 29. Na2 Nc3 30. Nc1 Nb5 31. Bb6 a4 32. Ba5 Bb2 33. Na2 f5
34. Kf3 Kf7 35. Ke2 Ke6 36. Kd3 Kd5 37. Nb4+ Kc5 38. Na2 Bd4 39. f3 h5 40. h3
g5 41. g4 fxg4 42. fxg4 hxg4 43. hxg4 Be5 44. Bd8 Bf4 45. Be7+ Kd5 46. Nc3+
Nxc3 47. Kxc3 Kc6 48. Bxg5 1/2-1/2

[Event "28.Schlosspark-Open"]
[Site "Wiesbaden-Biebrich"]
[Date "2016.08.28"]
[Round "6.42"]
[White "Reinisch, Markus"]
[Black "Zimmer, Gerald"]
[Result "1/2-1/2"]
[WhiteElo "1719"]
[BlackElo "1939"]
[PlyCount "95"]
[EventDate "2016.??.??"]
[WhiteTeam "Wiesbadener SV"]
[BlackTeam "SC Bergen-Enkheim"]

1. e4 e6 2. d4 d5 3. exd5 exd5 4. Bd3 Bd6 5. Nf3 Bg4 6. O-O Nc6 7. Re1+ Nge7 8.
c3 Qd7 9. Nbd2 O-O-O 10. b4 Ng6 11. Qa4 Kb8 12. Ba3 Rhe8 13. b5 Nce7 14. Bxd6
Qxd6 15. c4 dxc4 16. Nxc4 Qf6 17. Nce5 Bxf3 18. Nxf3 Qb6 19. Qc4 Qf6 20. Rac1
Rd7 21. Bxg6 hxg6 22. Ne5 Rdd8 23. Qxc7+ Ka8 24. Nd7 Nd5 25. Rxe8 Nxc7 26. Nxf6
Nxe8 27. Nxe8 Rxe8 28. f3 Kb8 29. Kf2 Re6 30. Re1 Rd6 31. Ke3 Kc7 32. Kd3 Rd7
33. Re2 Kb6 34. Rb2 Rc7 35. h4 Rc1 36. Ke4 Rh1 37. Kd5 Rxh4 38. Re2 Kxb5 39.
Re7 Rh5+ 40. Kd6 Kc4 41. Rxb7 Ra5 42. Rxf7 Rxa2 43. Rxg7 Rxg2 44. Rxa7 Kxd4 45.
Re7 Rg5 46. Re4+ Kd3 47. Ke6 Rf5 48. Rg4 1/2-1/2

[Event "28.Schlosspark-Open"]
[Site "Wiesbaden-Biebrich"]
[Date "2016.08.28"]
[Round "6.43"]
[White "Krastev, Alexander"]
[Black "Meaubert, Thomas"]
[Result "1-0"]
[WhiteElo "1924"]
[BlackElo "1773"]
[PlyCount "45"]
[EventDate "2016.??.??"]
[WhiteTeam "Biebertaler SF"]
[BlackTeam "SC Pirmasens"]

1. e4 e6 2. Nf3 d5 3. Nc3 Nf6 4. e5 Nfd7 5. d4 c5 6. dxc5 Bxc5 7. Bd3 Nc6 8.
Bf4 Nb4 9. O-O Nxd3 10. cxd3 a6 11. a3 O-O 12. Qd2 b5 13. Ne2 Bb7 14. Ned4 Qb6
15. Be3 b4 16. Rfc1 Rfc8 17. Nc2 Bxe3 18. fxe3 Nc5 19. Ncd4 a5 20. axb4 Qxb4
21. Qxb4 axb4 22. Rxa8 Bxa8 23. Nb3 1-0

[Event "28.Schlosspark-Open"]
[Site "Wiesbaden-Biebrich"]
[Date "2016.08.28"]
[Round "6.44"]
[White "BÃ¼se, Ralf"]
[Black "Bratmann, Marc"]
[Result "1/2-1/2"]
[WhiteElo "1911"]
[BlackElo "1755"]
[PlyCount "63"]
[EventDate "2016.??.??"]
[WhiteTeam "SC Ladja Rossdorf"]
[BlackTeam "TuS Dotzheim"]

1. d4 d5 2. Bf4 c5 3. e3 Nc6 4. c3 Nf6 5. Nd2 Qb6 6. Qb3 Bf5 7. dxc5 Qxb3 8.
axb3 e5 9. Bg3 Bxc5 10. b4 Bd6 11. b5 Ne7 12. Ngf3 Ng6 13. Be2 O-O 14. O-O Rfe8
15. Rfd1 Bc5 16. Nb3 Bb6 17. Rd2 Ne4 18. Rxd5 Nxg3 19. hxg3 Be6 20. e4 Bxd5 21.
exd5 e4 22. Nfd4 Ne5 23. c4 Nd7 24. Rc1 Bxd4 25. Nxd4 Nb6 26. d6 Red8 27. c5
Nd7 28. c6 bxc6 29. bxc6 Nb6 30. Nf5 g6 31. c7 gxf5 32. cxd8=Q+ 1/2-1/2

[Event "28.Schlosspark-Open"]
[Site "Wiesbaden-Biebrich"]
[Date "2016.08.28"]
[Round "6.45"]
[White "Diener, Carolin Valeria"]
[Black "Erlekam, Simon"]
[Result "0-1"]
[WhiteElo "1692"]
[BlackElo "1799"]
[PlyCount "76"]
[EventDate "2016.??.??"]
[WhiteTeam "SK Bad Homburg"]
[BlackTeam "SK Gau-Algesheim"]

1. e4 c5 2. Nf3 Nc6 3. Bb5 Qc7 4. O-O e6 5. Re1 d6 6. c3 Be7 7. d4 cxd4 8. cxd4
a6 9. Bf1 Nf6 10. Nc3 O-O 11. g3 b5 12. a3 Bb7 13. b3 Rfe8 14. Bb2 Bf8 15. Rc1
Qb6 16. Bh3 e5 17. d5 Nb8 18. Re2 g6 19. Qd2 Bc8 20. Bxc8 Rxc8 21. h3 Nbd7 22.
b4 Qb7 23. Qe3 Nb6 24. Nd2 Nc4 25. Nxc4 Rxc4 26. Rcc2 Rac8 27. Qf3 Nd7 28. Qd3
Nb6 29. Nd1 Bh6 30. Rxc4 Rxc4 31. Ne3 Bxe3 32. Qxe3 Na4 33. Qb3 Qc8 34. Kg2 f5
35. f4 Nc3 36. Bxc3 Rxc3 37. Qb2 exf4 38. exf5 f3+ 0-1

[Event "28.Schlosspark-Open"]
[Site "Wiesbaden-Biebrich"]
[Date "2016.08.28"]
[Round "6.46"]
[White "Chernykh, Arkady"]
[Black "Pogosian, Norair"]
[Result "1-0"]
[WhiteElo "1900"]
[BlackElo "1736"]
[PlyCount "67"]
[EventDate "2016.??.??"]
[WhiteTeam "Karlsruher SF"]
[BlackTeam "SK Ã–tigheim"]

1. d4 Nf6 2. Nf3 g6 3. Nc3 d5 4. Bf4 Bg7 5. e3 O-O 6. Be2 c5 7. h4 h5 8. Ne5
Nbd7 9. f3 e6 10. Qd2 Nxe5 11. Bxe5 Nd7 12. Bxg7 Kxg7 13. g4 Nf6 14. dxc5 Qc7
15. O-O-O Qxc5 16. Rdg1 b6 17. gxh5 Nxh5 18. f4 Nf6 19. h5 Rh8 20. hxg6 Rxh1
21. Rxh1 fxg6 22. Bd3 Bd7 23. Rg1 Be8 24. Bxg6 Kf8 25. f5 e5 26. Rd1 Rd8 27. e4
d4 28. Qh6+ Ke7 29. Qg7+ Kd6 30. Qxf6+ Kc7 31. Nd5+ Kc8 32. Qxe5 Ba4 33. Ne7+
Kb7 34. Qxc5 1-0

[Event "28.Schlosspark-Open"]
[Site "Wiesbaden-Biebrich"]
[Date "2016.08.28"]
[Round "6.47"]
[White "Lang, Micha"]
[Black "Mao, Yvonne"]
[Result "1/2-1/2"]
[WhiteElo "1897"]
[BlackElo "1733"]
[PlyCount "29"]
[EventDate "2016.??.??"]
[WhiteTeam "SC Weiterstadt"]
[BlackTeam "SK Gernsheim"]

1. c4 e5 2. Nc3 Nc6 3. Nf3 f5 4. d4 e4 5. Ng5 Nf6 6. e3 d6 7. h4 g6 8. Be2 Bg7
9. Nh3 Bd7 10. Nf4 a6 11. Bd2 Ne7 12. Qb3 Bc8 13. Qc2 c6 14. Rc1 Bd7 15. Qb3
1/2-1/2

[Event "28.Schlosspark-Open"]
[Site "Wiesbaden-Biebrich"]
[Date "2016.08.28"]
[Round "6.48"]
[White "Maleski, Heinz"]
[Black "Grieb, Stefan"]
[Result "0-1"]
[WhiteElo "1676"]
[BlackElo "1892"]
[PlyCount "42"]
[EventDate "2016.??.??"]
[WhiteTeam "SV Mainz-Mombach"]
[BlackTeam "SK Gau-Algesheim"]

1. d4 d5 2. Nf3 Nf6 3. Bf4 c6 4. e3 Qb6 5. Nbd2 Qxb2 6. Bd3 Qb6 7. O-O e6 8.
Rb1 Qd8 9. Ne5 Be7 10. Ndf3 Nbd7 11. c4 h6 12. cxd5 exd5 13. Qc2 O-O 14. Nxc6
bxc6 15. Qxc6 Nb6 16. Rxb6 Qxb6 17. Ne5 Qxc6 18. Nxc6 Ba3 19. Rb1 Bd7 20. Ne5
Be6 21. Nc6 Rfc8 0-1

[Event "28.Schlosspark-Open"]
[Site "Wiesbaden-Biebrich"]
[Date "2016.08.28"]
[Round "6.49"]
[White "Berger, Ewald"]
[Black "Traut, Stefan"]
[Result "1-0"]
[WhiteElo "1886"]
[BlackElo "1726"]
[PlyCount "83"]
[EventDate "2016.??.??"]
[WhiteTeam "SC Butzbach"]
[BlackTeam "SF Heusenstamm"]

1. c4 c5 2. Nc3 Nf6 3. e4 d6 4. g3 g6 5. Bg2 Bg7 6. Nge2 O-O 7. O-O Nc6 8. d3
Rb8 9. Bg5 h6 10. Bxf6 Bxf6 11. Qd2 Bg7 12. Nf4 b6 13. Rae1 Bb7 14. h4 Nd4 15.
Nce2 Nxe2+ 16. Rxe2 a6 17. Nd5 Ba8 18. f4 b5 19. b3 b4 20. f5 Bxd5 21. exd5
Bd4+ 22. Kh1 Kg7 23. Bh3 a5 24. Re4 Be5 25. Qe3 Qc7 26. Rg4 Qd8 27. Bg2 h5 28.
Re4 Bf6 29. Qf4 Rh8 30. fxg6 fxg6 31. Re6 Rh6 32. Be4 Qf8 33. Qe3 Qh8 34. d4
cxd4 35. Qd3 Rf8 36. c5 dxc5 37. Qa6 Rf7 38. d6 exd6 39. Rfxf6 Rxf6 40. Rxf6
Kxf6 41. Qxd6+ Kg7 42. Qe7+ 1-0

[Event "28.Schlosspark-Open"]
[Site "Wiesbaden-Biebrich"]
[Date "2016.08.28"]
[Round "6.50"]
[White "Lesny, Florian"]
[Black "FÃ¼ssel, Jan Michael"]
[Result "0-1"]
[WhiteElo "1853"]
[BlackElo "1718"]
[PlyCount "66"]
[EventDate "2016.??.??"]
[WhiteTeam "SK Niederbrechen"]
[BlackTeam "VSG Offenbach"]

1. e4 c5 2. Nf3 Nc6 3. d4 cxd4 4. Nxd4 g6 5. Nc3 Bg7 6. Be3 Nf6 7. Bc4 O-O 8.
Bb3 d6 9. f3 a6 10. Qd2 Nxd4 11. Bxd4 Be6 12. Nd5 Nxd5 13. exd5 Bxd4 14. Qxd4
Bf5 15. g4 Bd7 16. O-O-O a5 17. a3 f5 18. g5 b5 19. h4 Be8 20. Rde1 Bf7 21. Qe3
Re8 22. Reg1 Qc7 23. h5 Qc5 24. Qd3 a4 25. Ba2 Rac8 26. hxg6 Bxg6 27. f4 b4 28.
Rg2 bxa3 29. bxa3 Qc3 30. Qxc3 Rxc3 31. Kb2 Rf3 32. Rh4 Rb8+ 33. Ka1 Rf1+ 0-1

[Event "28.Schlosspark-Open"]
[Site "Wiesbaden-Biebrich"]
[Date "2016.08.28"]
[Round "6.51"]
[White "Haftmann, Rainer"]
[Black "Fernandez Garcia, Alfonso Javier"]
[Result "0-1"]
[WhiteElo "1839"]
[BlackElo "1535"]
[PlyCount "104"]
[EventDate "2016.??.??"]
[WhiteTeam "SG Dietzenbach"]
[BlackTeam "SV Neu-Isenburg"]

1. e4 e6 2. d4 d5 3. Nd2 dxe4 4. Nxe4 Nd7 5. Nf3 Ngf6 6. Nxf6+ Nxf6 7. Bd3 Be7
8. O-O O-O 9. Bg5 h6 10. Bh4 Bd7 11. Qe2 Nd5 12. Bxe7 Qxe7 13. Qe4 f5 14. Qe5
Qd6 15. c3 Rae8 16. Rfe1 Bc6 17. Nd2 b5 18. Nb3 Nf4 19. Bf1 Rf6 20. g3 Ng6 21.
Qxd6 cxd6 22. f4 h5 23. Kf2 h4 24. Re3 hxg3+ 25. hxg3 Ne7 26. c4 bxc4 27. Bxc4
Nd5 28. Bxd5 Bxd5 29. Nd2 Rh6 30. Nf3 Kf7 31. Rc1 Re7 32. b3 Rh8 33. Rec3 Kf6
34. Rc7 Rhe8 35. Ke3 Rxc7 36. Rxc7 Re7 37. Rxe7 Kxe7 38. Nd2 Kd7 39. Nb1 Be4
40. Nc3 Bc6 41. b4 Kc7 42. a4 Bd7 43. d5 e5 44. a5 a6 45. Kd3 Kd8 46. fxe5 dxe5
47. b5 axb5 48. a6 Kc7 49. d6+ Kb6 50. Nd5+ Kxa6 51. Kc3 Kb7 52. Kb4 Kc6 0-1